Rector Et Senatus Academiae Regiae Viadrinae B. L. S (Titelsatznr. 78942)
[ MARC ]
| 000 -Satzkennung | |
|---|---|
| Kontrollfeld mit fester Länge | 00653nam a2200181 4500 |
| 001 - Kontrollnummer | |
| Kontrollfeld | 18675 |
| 005 - Datum und Zeit der letzten Transaktion | |
| Kontrollfeld | 20201125173904.0 |
| 007 - Feld mit fester Länge zur physischen Beschreibung - Allgemeine Information | |
| Kontrollfeld mit fester Länge | tu |
| 008 - Feld mit fester Länge zur physischen Beschreibung - Allgemeine Angaben | |
| Kontrollfeld mit fester Länge | 170314s1719||||||| ger |
| 245 00 - Titel | |
| Titel | Rector Et Senatus Academiae Regiae Viadrinae B. L. S |
| Zusatz zum Titel | P.P. d. XVII. Februsr. Ao. MDCCXIX |
| 264 ## - Produktion, Veröffentlichung, Distribution, Herstellung und Urheberrechtsvermerk | |
| Herstellungs-, Veröffentlichungs- Vertriebs-, Erzeugungsort | Frankfurt (Oder) |
| Produzent, Herausgeber, Distributor, Hersteller | Stannis Johannis Christophori Steppini |
| Datum der Herstellung, der Veröffentlichung, des Vertriebs oder des Urheberschutzvermerks | 1719 |
| 365 ## - Handelspreis | |
| Währungscode | € |
| 546 ## - Fußnote zur Sprache | |
| Sprache | deutsch |
| 650 04 - Nebeneintragung unter einem Schlagwort - Sachschlagwort | |
| Sachschlagwort oder geografischer Name als Eintragungselement | á Bergen, H. Coccejus, Ouseel, Strimesius, Noltenius, Reinold, Plesman, Jäger, Goelicke, Hermannus, Wesenfeld, Dithmarus, Westerman, Ring, |
| 650 04 - Nebeneintragung unter einem Schlagwort - Sachschlagwort | |
| Sachschlagwort oder geografischer Name als Eintragungselement | Universität |
| 650 04 - Nebeneintragung unter einem Schlagwort - Sachschlagwort | |
| Sachschlagwort oder geografischer Name als Eintragungselement | Frankfurt (Oder) |
| 650 04 - Nebeneintragung unter einem Schlagwort - Sachschlagwort | |
| Sachschlagwort oder geografischer Name als Eintragungselement | Vorlesungsverzeichnis |
| Ausgeschieden | Verloren | Klassifikation oder Aufstellungssystematik | Beschädigt | Nicht entleihbar | Heimatbibliothek | Aufenthaltsbibliothek | Erwerbungsdatum | Kodierter Standort-Qualifier | Anzahl Ausleihen | Signatur | Letzte Aktivität | Preis gültig von | Koha-Medientyp |
|---|---|---|---|---|---|---|---|---|---|---|---|---|---|
| Andere/Generische Klassifikation | Stadtarchiv Frankfurt (Oder) | Archivbibliothek | Stadtarchiv Frankfurt (Oder) | Archivbibliothek | 25/11/2020 | L | Einblattdrucke StAFF BA I Tit. 35 Nr. 1 | 25/11/2020 | 25/11/2020 | Bücher |